000 00676cam a22002537a 4500
003 CHAP
005 20220329135843.0
008 971013s1969 r 00010 d
010 _a43329
011 _a44301
035 _a48439
040 _cCHAP
082 _a301.155
_bF7Y
100 0 0 _aFriedrich, Carl J.
_ecomp.
_943302
245 1 3 _aLa autoridad
260 _aMéxico, D.F. :
_bRoble,
_c1969
300 _a281 p.
590 _aBATCH-UPD
_b10
_c20130110
_lUCH01
_h2313
590 _aCONVERSION
_b10
_c20130109
_lUCH01
_h1324
650 1 4 _aAutoridad
_98428
901 _aBK
942 _cLIBRO
949 _a301.155 F7Y
_bBC
_cLIBRO
_d33724000287983
_eLIBRO
_h27815
_i48439
_si
999 _c43329
_d43329